|
|
|
|
| LEADER |
01027nab a2200265 i 4500 |
| 001 |
publ8109 |
| 005 |
20190404153434.0 |
| 008 |
161219s2012 hu o 0|| angol d |
| 022 |
|
|
|a 0026-2862
|
| 024 |
7 |
|
|a 10.1016/j.mvr.2012.01.003
|2 doi
|
| 024 |
7 |
|
|a 1982862
|2 mtmt
|
| 040 |
|
|
|a SZTE Publicatio Repozitórium
|b hun
|
| 041 |
|
|
|a angol
|
| 100 |
1 |
|
|a Domoki Ferenc
|
| 245 |
1 |
0 |
|a Evaluation of laser-speckle contrast image analysis techniques in the cortical microcirculation of piglets
|h [elektronikus dokumentum] /
|c Domoki Ferenc
|
| 260 |
|
|
|c 2012
|
| 300 |
|
|
|a 311-317
|
| 490 |
0 |
|
|a MICROVASCULAR RESEARCH
|v 83 No. 3
|
| 700 |
0 |
2 |
|a Zölei-Szénási Dániel
|e aut
|
| 700 |
0 |
2 |
|a Oláh Orsolya
|e aut
|
| 700 |
0 |
2 |
|a Tóth-Szűki Valéria
|e aut
|
| 700 |
0 |
2 |
|a Hopp Béla
|e aut
|
| 700 |
0 |
2 |
|a Bari Ferenc
|e aut
|
| 700 |
0 |
2 |
|a Smausz Tomi
|e aut
|
| 856 |
4 |
0 |
|u http://publicatio.bibl.u-szeged.hu/8109/1/Domoki__Evaluation_of_laser_speckle_contrast_image_analysis_techniques_in_the_cortical_microcirculation_of_piglets_2012_u.pdf
|z Dokumentum-elérés
|